[Event "Medellin Sub zt 2.3.2"]
[Site "Medellin"]
[Date "2025.04.18"]
[Round "7"]
[White "Viasus Cuellar, Juan Diego"]
[Black "Borre Meza, Orlando David"]
[Result "1/2-1/2"]
[WhiteElo "1834"]
[BlackElo "2018"]
[PlyCount "103"]
[EventDate "2025.04.14"]
[EventType "swiss"]
[EventRounds "9"]
[EventCountry "COL"]
[SourceTitle "CB18_2025"]
[SourceDate "2025.04.30"]
[SourceVersion "1"]
[SourceVersionDate "2025.04.30"]
[SourceQuality "1"]

1. c4 c5 2. Nc3 Nf6 3. g3 d5 4. cxd5 Nxd5 5. Bg2 Nc7 6. Nf3 Nc6 7. 0-0 e5 8. d3 Be7 9. a4 0-0 10. Be3 Be6 11. Rc1 f5 12. Nb5 Na6 13. Nxe5 Nxe5 14. Bxb7 Qb6 15. Bxa8 Rxa8 16. d4 Ng4 17. dxc5 Nxe3 18. cxb6 Nxd1 19. b7 Rb8 20. Rfxd1 Rxb7 21. Rc6 Bb3 22. Nd6 Rc7 23. Rxc7 Nxc7 24. Rd3 Be6 25. e4 fxe4 26. Nxe4 Nd5 27. Rd4 a5 28. Nc3 Nxc3 29. bxc3 Bf6 30. Rd6 Bb3 31. Rc6 Bxa4 32. Rc5 Be8 33. Rxa5 Bxc3 34. Rc5 Bd4 35. Rd5 Bf6 36. h4 Kf7 37. Ra5 Be7 38. Kh2 Bd7 39. Ra6 Be6 40. f3 h5 41. Ra5 g6 42. Kg2 Kf6 43. Rb5 Bd6 44. Ra5 Be5 45. Rb5 Bd4 46. Ra5 Be3 47. Ra3 Bd2 48. Rd3 Bh6 49. Rd4 g5 50. hxg5+ Bxg5 51. g4 hxg4 52. Rd6 1/2-1/2

[Event "Medellin Sub zt 2.3.2"]
[Site "Medellin"]
[Date "2025.04.15"]
[Round "3"]
[White "Valle, Efrain"]
[Black "Viasus Cuellar, Juan Diego"]
[Result "0-1"]
[WhiteElo "2031"]
[BlackElo "1834"]
[PlyCount "64"]
[EventDate "2025.04.14"]
[EventType "swiss"]
[EventRounds "9"]
[EventCountry "COL"]
[SourceTitle "CB18_2025"]
[SourceDate "2025.04.30"]
[SourceVersion "1"]
[SourceVersionDate "2025.04.30"]
[SourceQuality "1"]

1. Nf3 Nf6 2. g3 c5 3. c4 g6 4. Bg2 Bg7 5. 0-0 0-0 6. d3 Nc6 7. Nbd2 a6 8. a3 Rb8 9. Qc2 d6 10. Rb1 Bd7 11. b4 cxb4 12. axb4 b5 13. cxb5 Rxb5 14. Ba3 Qb8 15. Qa4 Nd5 16. Ne4 a5 17. Nfd2 Nd4 18. Qd1 axb4 19. Bb2 Rc8 20. Bxd4 Bxd4 21. Nc4 Bf5 22. Kh1 Bxe4 23. dxe4 Rxc4 24. exd5 b3 25. Bf3 Bf6 26. e3 Rc3 27. Kg2 Rbc5 28. h4 Qb4 29. h5 Rc2 30. Qd3 R5c3 31. Qa6 b2 32. Qa2 Ra3 0-1

[Event "Barranquilla op"]
[Site "Barranquilla"]
[Date "2025.02.27"]
[Round "6"]
[White "Viasus Cuellar, Juan Diego"]
[Black "Sepulveda Brango, Alberto Enrique"]
[Result "1/2-1/2"]
[WhiteElo "1823"]
[BlackElo "1862"]
[PlyCount "70"]
[EventDate "2025.02.24"]
[EventType "swiss"]
[EventRounds "8"]
[EventCountry "COL"]
[SourceTitle "CB10_2025"]
[SourceDate "2025.03.05"]
[SourceVersion "1"]
[SourceVersionDate "2025.03.05"]
[SourceQuality "1"]

1. g3 d5 2. Bg2 Nf6 3. Nf3 c6 4. d4 Bg4 5. Ne5 Nbd7 6. Nxg4 Nxg4 7. e4 Ngf6 8. e5 Ng8 9. e6 fxe6 10. Qe2 Qb6 11. c3 Ngf6 12. Qxe6 g6 13. 0-0 Bg7 14. Nd2 Nf8 15. Qe2 N8d7 16. Bh3 Qd8 17. Nf3 Ne4 18. Ng5 Nxg5 19. Bxg5 Nf6 20. Rae1 h6 21. Bf4 g5 22. Be5 0-0 23. f4 Ne4 24. Bxg7 Kxg7 25. Bg2 Nf6 26. Qxe7+ Qxe7 27. Rxe7+ Rf7 28. fxg5 hxg5 29. Rxf7+ Kxf7 30. Rf5 Kg6 31. Re5 Re8 32. Rxe8 Nxe8 33. Bh3 Nd6 34. Bd7 a5 35. Kf2 a4 1/2-1/2

[Event "Barranquilla op"]
[Site "Barranquilla"]
[Date "2025.02.25"]
[Round "3"]
[White "Castro Herrera, Juan Sebastian"]
[Black "Viasus Cuellar, Juan Diego"]
[Result "1-0"]
[WhiteElo "1613"]
[BlackElo "1823"]
[PlyCount "82"]
[EventDate "2025.02.24"]
[EventType "swiss"]
[EventRounds "8"]
[EventCountry "COL"]
[SourceTitle "CB10_2025"]
[SourceDate "2025.03.05"]
[SourceVersion "1"]
[SourceVersionDate "2025.03.05"]
[SourceQuality "1"]

1. d4 d5 2. Nf3 Nf6 3. e3 g6 4. Be2 Bg7 5. 0-0 0-0 6. c4 dxc4 7. Bxc4 c5 8. dxc5 Qc7 9. Qb3 Qxc5 10. Rd1 Nc6 11. Bd2 Bg4 12. Be2 Ne4 13. Nc3 Nxc3 14. Bxc3 Bxc3 15. Qxc3 Qxc3 16. bxc3 Rac8 17. h3 Bxf3 18. Bxf3 Rfd8 19. Rac1 b6 20. Rxd8+ Nxd8 21. c4 Ne6 22. Bb7 Rc5 23. Kf1 Nd8 24. Bf3 Ra5 25. Rd1 Ne6 26. Rd2 Nc5 27. Bd1 Ra3 28. Rb2 Kg7 29. Bb3 Nd3 30. Rb1 Nb4 31. Rb2 a5 32. g3 Kf6 33. Kg2 Ke5 34. Kf3 e6 35. h4 Kd6 36. Kg4 h6 37. h5 f5+ 38. Kh4 g5+ 39. Kh3 Kc5 40. g4 a4 41. Bc2 Rxa2 1-0

[Event "Titled Tuesday intern op 07th Jan Early"]
[Site "Chess.com INT"]
[Date "2025.01.07"]
[Round "10"]
[White "Santos, Isaque Goncalves"]
[Black "Viasus Cuellar, Juan Diego"]
[Result "0-1"]
[WhiteElo "1980"]
[BlackElo "1847"]
[PlyCount "40"]
[EventDate "2025.01.07"]
[EventType "swiss (blitz)"]
[EventRounds "11"]
[EventCountry "USA"]
[SourceTitle "CB03_2025"]
[SourceDate "2025.01.15"]
[SourceVersion "1"]
[SourceVersionDate "2025.01.15"]
[SourceQuality "1"]

1. d4 d5 2. c4 dxc4 3. Nc3 Nf6 4. Nf3 Nc6 5. d5 Na5 6. b4 cxb3 7. axb3 b6 8. e4 e6 9. Bb5+ Bd7 10. dxe6 Bxb5 11. exf7+ Kxf7 12. Qxd8 Rxd8 13. Nxb5 Nxb3 14. Rxa7 Nxc1 15. Rxc7+ Kg6 16. Rxc1 Bb4+ 17. Ke2 Nxe4 18. Rc6+ Nf6 19. Ne5+ Kf5 20. Nf3 Rhe8+ 0-1

[Event "Titled Tuesday intern op 07th Jan Early"]
[Site "Chess.com INT"]
[Date "2025.01.07"]
[Round "11"]
[White "Viasus Cuellar, Juan Diego"]
[Black "Alvarado, Carlos"]
[Result "1-0"]
[WhiteElo "1847"]
[BlackElo "2032"]
[PlyCount "59"]
[EventDate "2025.01.07"]
[EventType "swiss (blitz)"]
[EventRounds "11"]
[EventCountry "USA"]
[SourceTitle "CB03_2025"]
[SourceDate "2025.01.15"]
[SourceVersion "1"]
[SourceVersionDate "2025.01.15"]
[SourceQuality "1"]

1. Nf3 d5 2. d4 Nf6 3. g3 c6 4. Bg2 Bf5 5. 0-0 e6 6. c4 Nbd7 7. Nc3 Be7 8. Nd2 0-0 9. e4 dxe4 10. Ndxe4 Nxe4 11. Nxe4 Nf6 12. Nxf6+ Bxf6 13. Be3 Qc7 14. Qb3 Rfd8 15. Rad1 Qb6 16. d5 Qxb3 17. axb3 Bc2 18. Rc1 Bxb3 19. dxc6 bxc6 20. Bxc6 Rac8 21. Bb5 a5 22. Bb6 a4 23. Bxd8 Rxd8 24. c5 Bxb2 25. c6 Bxc1 26. Rxc1 e5 27. c7 Rc8 28. Ba6 Be6 29. Bxc8 Bxc8 30. Rd1 1-0

[Event "Titled Tuesday intern op 07th Jan Early"]
[Site "Chess.com INT"]
[Date "2025.01.07"]
[Round "3"]
[White "Viasus Cuellar, Juan Diego"]
[Black "Yaniv, Ori"]
[Result "1/2-1/2"]
[WhiteElo "1847"]
[BlackElo "2132"]
[PlyCount "97"]
[EventDate "2025.01.07"]
[EventType "swiss (blitz)"]
[EventRounds "11"]
[EventCountry "USA"]
[SourceTitle "CB03_2025"]
[SourceDate "2025.01.15"]
[SourceVersion "1"]
[SourceVersionDate "2025.01.15"]
[SourceQuality "1"]

1. g3 c5 2. Bg2 Nc6 3. c4 g6 4. Nc3 Bg7 5. Nf3 e6 6. 0-0 Nge7 7. d4 cxd4 8. Nb5 d5 9. Nbxd4 0-0 10. cxd5 Nxd4 11. Nxd4 Nxd5 12. e4 Nb4 13. Be3 Bd7 14. a3 Nc6 15. b4 Nxd4 16. Bxd4 Bb5 17. Bxg7 Kxg7 18. Re1 e5 19. Qb3 Qd3 20. Qxd3 Bxd3 21. Rad1 Rfd8 22. Re3 Bc4 23. Ree1 b5 24. h4 Kf6 25. Bf1 Bxf1 26. Kxf1 Ke6 27. Ke2 Rac8 28. Rxd8 Rxd8 29. Rd1 Rxd1 30. Kxd1 f5 31. f3 fxe4 32. fxe4 Kf6 33. Ke2 g5 34. Kf3 h5 35. Ke3 gxh4 36. gxh4 Ke6 37. Kd3 Kd6 38. Kc3 Kc6 39. Kd3 Kb6 40. Kc3 a5 41. Kd3 axb4 42. axb4 Kc6 43. Ke3 Kd6 44. Kd3 Ke6 45. Ke3 Kf6 46. Kf3 Ke6 47. Ke3 Kd6 48. Kd3 Ke6 49. Ke3 1/2-1/2

[Event "Titled Tuesday intern op 07th Jan Early"]
[Site "Chess.com INT"]
[Date "2025.01.07"]
[Round "9"]
[White "Zepeda Berlanga, Jan Enrique"]
[Black "Viasus Cuellar, Juan Diego"]
[Result "1-0"]
[WhiteElo "1979"]
[BlackElo "1847"]
[PlyCount "49"]
[EventDate "2025.01.07"]
[EventType "swiss (blitz)"]
[EventRounds "11"]
[EventCountry "USA"]
[SourceTitle "CB03_2025"]
[SourceDate "2025.01.15"]
[SourceVersion "1"]
[SourceVersionDate "2025.01.15"]
[SourceQuality "1"]

1. e4 c5 2. d4 cxd4 3. c3 Nf6 4. e5 Nd5 5. Nf3 Nc6 6. cxd4 d6 7. Bc4 Nb6 8. Bb5 dxe5 9. Nxe5 Bd7 10. Nxd7 Qxd7 11. Nc3 e6 12. 0-0 Be7 13. Qg4 0-0 14. Rd1 Bf6 15. Ne4 Qe7 16. Bf4 Rad8 17. Bxc6 bxc6 18. Rac1 Rxd4 19. Rxd4 Bxd4 20. Bd6 Qb7 21. Bxf8 Kxf8 22. Nd6 Qd7 23. Qxd4 Nd5 24. Qc5 Kg8 25. Qxc6 1-0

[Event "COL-ch U16"]
[Site "Florencia Caqueta"]
[Date "2024.10.06"]
[Round "1"]
[White "Viasus Cuellar, Juan Diego"]
[Black "Vasquez Sanchez, Juan Pablo"]
[Result "1-0"]
[WhiteElo "1766"]
[BlackElo "1507"]
[PlyCount "66"]
[EventDate "2024.10.06"]
[EventType "swiss (blitz)"]
[EventRounds "9"]
[EventCountry "COL"]
[SourceTitle "CB44_2024"]
[Source "Chessbase"]
[SourceDate "2024.10.30"]
[SourceVersion "1"]
[SourceVersionDate "2024.10.30"]
[SourceQuality "1"]

1. d4 Nf6 2. Nf3 e6 3. c4 c5 4. Nc3 Nc6 5. g3 b6 6. Bg2 Bb7 7. 0-0 Be7 8. Rb1 0-0 9. a3 d6 10. b4 cxb4 11. axb4 d5 12. cxd5 Nxd5 13. Nxd5 Qxd5 14. b5 Na5 15. Re1 Bf6 16. e4 Qd7 17. e5 Be7 18. Be3 Rfc8 19. Qd3 Bd5 20. Ng5 Bxg5 21. Bxg5 Bxg2 22. Kxg2 Rc4 23. Red1 Rac8 24. d5 exd5 25. Qxd5 Qxd5+ 26. Rxd5 h6 27. Be3 Nb7 28. Rbd1 Na5 29. Rd7 R4c7 30. Bf4 Rxd7 31. Rxd7 Nc4 32. Rxa7 Re8 33. Rb7 Kh7 1-0

[Event "Titled Tuesday intern op 30th Jul Late"]
[Site "Chess.com INT"]
[Date "2024.07.30"]
[Round "4"]
[White "Mesquita, Eduardo Barbosa"]
[Black "Viasus Cuellar, Juan Diego"]
[Result "1-0"]
[WhiteElo "1958"]
[BlackElo "1755"]
[PlyCount "55"]
[EventDate "2024.07.30"]
[EventType "swiss (blitz)"]
[EventRounds "11"]
[EventCountry "USA"]
[SourceTitle "EXT 2025"]
[Source "ChessBase"]
[SourceDate "2024.10.14"]
[SourceVersion "1"]
[SourceVersionDate "2024.10.14"]
[SourceQuality "1"]

1. e4 c5 2. Nf3 Nc6 3. d4 cxd4 4. Nxd4 g6 5. Nc3 Bg7 6. Be3 Nf6 7. f3 0-0 8. Bc4 Qb6 9. Bb3 Nxe4 10. fxe4 Bxd4 11. Nd5 Qa5+ 12. Bd2 Qc5 13. c3 Bf2+ 14. Kf1 Bh4 15. Be3 Qd6 16. g3 Bf6 17. Kg2 Bg7 18. Rf1 Qe5 19. Qf3 e6 20. Bf4 Qh5 21. g4 Qh4 22. Bg3 Qd8 23. Nc7 Rb8 24. Rad1 e5 25. Nd5 Ne7 26. Nf6+ Kh8 27. Bxe5 Qa5 28. Bxb8 1-0

[Event "Titled Tuesday intern op 18th Jun Late"]
[Site "Chess.com INT"]
[Date "2024.06.18"]
[Round "2"]
[White "Bykov, Egor"]
[Black "Viasus Cuellar, Juan Diego"]
[Result "1-0"]
[WhiteElo "2424"]
[BlackElo "1755"]
[PlyCount "29"]
[EventDate "2024.06.18"]
[EventType "swiss (blitz)"]
[EventRounds "11"]
[EventCountry "USA"]
[SourceTitle "EXT 2025"]
[Source "ChessBase"]
[SourceDate "2024.10.14"]
[SourceVersion "1"]
[SourceVersionDate "2024.10.14"]
[SourceQuality "1"]

1. Nf3 c5 2. e3 g6 3. d4 d5 4. b3 Bg7 5. Bb2 Nf6 6. dxc5 Qa5+ 7. Nbd2 Qxc5 8. c4 0-0 9. a3 a5 10. Rc1 Nc6 11. cxd5 Qxd5 12. Bc4 Qd8 13. 0-0 Bg4 14. Qe2 Ne5 15. Bxe5 1-0

[Event "Titled Tuesday intern op 18th Jun Late"]
[Site "Chess.com INT"]
[Date "2024.06.18"]
[Round "3"]
[White "Viasus Cuellar, Juan Diego"]
[Black "Hovakimyan, Vache"]
[Result "0-1"]
[WhiteElo "1755"]
[BlackElo "2167"]
[PlyCount "124"]
[EventDate "2024.06.18"]
[EventType "swiss (blitz)"]
[EventRounds "11"]
[EventCountry "USA"]
[SourceTitle "EXT 2025"]
[Source "ChessBase"]
[SourceDate "2024.10.14"]
[SourceVersion "1"]
[SourceVersionDate "2024.10.14"]
[SourceQuality "1"]

1. d4 Nf6 2. c4 g6 3. g3 Bg7 4. Bg2 0-0 5. Nf3 d6 6. 0-0 Nc6 7. Nc3 a6 8. Rb1 Rb8 9. e4 Bg4 10. Be3 e5 11. dxe5 Nxe5 12. Nxe5 Bxd1 13. Rbxd1 dxe5 14. Rxd8 Rfxd8 15. Nd5 Nxd5 16. cxd5 c6 17. dxc6 bxc6 18. b3 Bf8 19. Rc1 c5 20. Bxc5 Rdc8 21. Be3 Rxc1+ 22. Bxc1 Rd8 23. Be3 Rd1+ 24. Bf1 Ra1 25. a4 Rb1 26. Kg2 a5 27. Bc4 Bb4 28. Bb6 Kf8 29. Bc7 f6 30. Bd8 Kg7 31. Be6 Rb2 32. Bb6 Kf8 33. Bc4 Ke7 34. Bb5 Kd6 35. Bc4 Bc5 36. Bxa5 Rxf2+ 37. Kh1 Rb2 38. Bc3 Rb1+ 39. Kg2 f5 40. exf5 gxf5 41. Bd3 Rc1 42. Bb2 Rd1 43. Bxf5 Rd2+ 44. Kh3 Rxb2 45. Bxh7 Rxb3 46. Bc2 Rb2 47. Bd1 Bg1 48. a5 e4 49. a6 Rxh2+ 50. Kg4 Ra2 51. Kf4 e3 52. a7 Rxa7 53. Be2 Ra2 54. Bf3 e2 55. Bxe2 Rxe2 56. g4 Re1 57. g5 Be3+ 58. Kf5 Bxg5 59. Kxg5 Ke5 60. Kg4 Re3 61. Kh4 Kf5 62. Kh5 Rh3# 0-1

[Event "Titled Tuesday intern op 18th Jun Late"]
[Site "Chess.com INT"]
[Date "2024.06.18"]
[Round "4"]
[White "Zimmermann, Ulrich1"]
[Black "Viasus Cuellar, Juan Diego"]
[Result "1-0"]
[WhiteElo "2280"]
[BlackElo "1755"]
[PlyCount "35"]
[EventDate "2024.06.18"]
[EventType "swiss (blitz)"]
[EventRounds "11"]
[EventCountry "USA"]
[SourceTitle "EXT 2025"]
[Source "ChessBase"]
[SourceDate "2024.10.14"]
[SourceVersion "1"]
[SourceVersionDate "2024.10.14"]
[SourceQuality "1"]

1. Nf3 c5 2. e3 g6 3. d4 Bg7 4. dxc5 Nf6 5. c3 Ne4 6. Qd5 Nf6 7. Qd1 Ne4 8. Qd5 Nf6 9. Qc4 Qc7 10. Be2 d6 11. cxd6 Qxc4 12. Bxc4 exd6 13. 0-0 0-0 14. Na3 d5 15. Be2 Nc6 16. Rd1 Be6 17. Nb5 a6 18. Nc7 1-0